000 00446nam a2200157Ia 4500
008 160316s2000 xxu||||| |||| 00| 0 eng d
082 _a345.050000
_bPRI-II
100 _aPrincep
245 _aCommentary on the code of criminal procedure, 1973 Vol. II
250 _a18th
260 _aDelhi
_bDelhi Law House
_c2000
300 _a2084p
_b
_ccxv
365 _bRs.1,900 set
650 _a1. Code of Criiminal Procedure - Commentary
700 _a
_a
999 _c5631
_d5631